How to make and show 100 eye-gate lessons. (Record no. 9965)

000 -LEADER
fixed length control field 00555nam a2200181 a 4500
001 - CONTROL NUMBER
control field :::00007750$&:&@@
003 - CONTROL NUMBER IDENTIFIER
control field OkBaRHE
005 - DATE AND TIME OF LATEST TRANSACTION
control field 20000607103339.0
008 - FIXED-LENGTH DATA ELEMENTS--GENERAL INFORMATION
fixed length control field j 000 0 eng u
040 ## - CATALOGING SOURCE
Transcribing agency
100 1# - MAIN ENTRY--PERSONAL NAME
Personal name Pickering, Hy.
245 10 - TITLE STATEMENT
Title How to make and show 100 eye-gate lessons.
260 ## - PUBLICATION, DISTRIBUTION, ETC. (IMPRINT)
Place of publication, distribution, etc London, UK:EN., :
Name of publisher, distributor, etc Pickering & Inglis
Date of publication, distribution, etc nd
300 ## - PHYSICAL DESCRIPTION
Extent 164 p. : illus. ;
Dimensions 19 cm.
650 ## - SUBJECT ADDED ENTRY--TOPICAL TERM
Topical term or geographic name as entry element Object-teaching
942 ## - ADDED ENTRY ELEMENTS (KOHA)
Source of classification or shelving scheme
Koha item type Books
Copies
Damaged status Shelving location Price effective from Permanent Location Date last seen Source of classification or shelving scheme Barcode Lost status Copy number Not for loan Withdrawn status Date acquired Koha item type Full call number
 General Stacks2010-04-14RHEMA Bible Training College2010-04-14 7750 1  2010-04-14BooksBV 1535 .P433